Warrior cats Clan names - Statistics

General Stats
  • This quiz has been taken 32 times
    11 since last reset
  • The average score is 272 of 1041
Answer Stats
Letter Cat % Correct
A Acorn fur
100%
Acornpaw
100%
Acorntail
100%
Adderfang
100%
Adderkit
100%
Alderheart
100%
Amberclaw
100%
Ambermoon
100%
Antfur
100%
Antpelt
100%
Appledawn
100%
Appledusk
100%
Applefur(Oots)
100%
Applefur(Tf)
100%
Ashfoot
100%
Ashheart
100%
Beenose
100%
Beesting
100%
Beetail
100%
Berryheart
100%
Berrynose
100%
Birchstar(Rc)
100%
Birchstar(Skc)
100%
Birchstar(Wc)
100%
Bluestar
100%
Brambleclaw
100%
Breezepelt
100%
Brightheart
100%
Bristlefrost
100%
Crowfeather
100%
Dappled pelt
100%
Dappletail
100%
Darkstar(Cotc)
100%
Darkstar(Mv)
100%
Darkstar(Skc)
100%
Dovewing
100%
Dustpelt
100%
Feathertail
100%
Featherwhisker
100%
Ferncloud
100%
Firestar
100%
Frogleap
100%
Adderpaw
75%
Alderbranch
75%
Amberleaf
75%
Applefrost
75%
Archeye
75%
Arc shadow
75%
Ashfur(Shc)
75%
Ashfur(Tc)
75%
Aspentail
75%
Birchface
75%
Birchfall
75%
Blackclaw
75%
Blackstar
75%
Blazefire
75%
Blizzardstar
75%
Boulderfur
75%
Brackenfur
75%
Brackenpelt
75%
Brackenwing
75%
Brambleberry
75%
Brindleface
75%
Brokenstar
75%
Bumblestripe
75%
Cinderfur
75%
Cloudtail
75%
Crookedstar
75%
Crowfrost
75%
Crowtail
75%
Daisytoe
75%
Dandelionkit
75%
Darkstripe
75%
Dawnpelt
75%
Deadfoot
75%
Doespring
75%
Doestar
75%
Emberkit(Cj)
75%
Emberkit(Dotc)
75%
Finleap
75%
Foxleap
75%
Gorsestar
75%
Graypool
75%
Graystripe
75%
Gray wing
75%
Graywing
75%
Harestar
75%
Hawkfrost
75%
Hazeltail
75%
Heatherstar
75%
Heathertail
75%
Leafpool
75%
Lightleap
75%
Lionheart
75%
Longtail
75%
Mallownose
75%
Mistystar
75%
Morning whisker
75%
Moth flight
75%
Mothwing
75%
Mousefur
75%
Mousewhisker
75%
Mudclaw(Shc)
75%
Mudclaw(Wc)
75%
One-eye
75%
Onestar
75%
Patch pelt
75%
Patchpelt
75%
Pinestar
75%
Ravenpaw
75%
Redstar
75%
Redtail
75%
Rosetail
75%
Sagewhisker
75%
Sandstorm
75%
Shadowstar
75%
Silverstream
75%
Spottedleaf
75%
Squirrelstar
75%
Stonefur
75%
Sunstar
75%
Swiftpaw
75%
Thrushpelt(Tc)
75%
Thrushpelt(Wc)
75%
Thunderstar
75%
Twigbranch
75%
Violetshine
75%
Whiskernose
75%
Whitewing
75%
Willowbreeze
75%
Willowpelt
75%
Willowshine
75%
Windstar
75%
Yellowfang
75%
Apple blossom
50%
Appleshine
50%
B Badgerfang
50%
Beechfur(Rc)
50%
Beechfur(Tc)
50%
Beechstar
50%
Beech tail
50%
Beetlenose
50%
Beetlewhisker
50%
Bellaleaf
50%
Birchbark
50%
Birdflight
50%
Birdsong
50%
Birdwing
50%
Blizzardwing
50%
Bloomheart
50%
Blossomfall
50%
Blossomheart
50%
Bluebellkit
50%
Brackenheart
50%
Branchleap
50%
Briarlight
50%
Brightspirit
50%
Brindleclaw
50%
Bubbling stream
50%
Buzzardkit
50%
Buzzardstar
50%
C Cedarheart
50%
Cedarpelt
50%
Cedarstar
50%
Cherrytail
50%
Cinderheart
50%
Cinderpelt
50%
Clawwhistle
50%
Cloud spots
50%
Cloudstar
50%
Crowfur
50%
Crowstar
50%
D Daisyheart
50%
Daisytail
50%
Dapplenose
50%
Darkfoot
50%
Darktail
50%
Dawnfeather
50%
Dawnflower
50%
Dawnstar
50%
Dovestar(Rc)
50%
Dovestar(Wc)
50%
Duskfur
50%
Dusk nose
50%
Echosong
50%
Elderkit
50%
Fallowfern
50%
Fallowstar
50%
Fawnpelt
50%
Fawnstep
50%
Featherkit
50%
Featherstorm
50%
Featherwing
50%
Fern leaf
50%
Fernleaf
50%
Fernpelt
50%
Fernshade
50%
Fidgetflake
50%
Fireface
50%
Flamenose
50%
Flamepelt
50%
Flametail
50%
Flipclaw
50%
Flowerpaw
50%
Flowerstar
50%
Flystar
50%
Foxheart
50%
Frecklepelt
50%
Frecklewish(Skc)
50%
Frecklewish(Tc)
50%
Frostfur
50%
Gorsepaw
50%
Grassheart
50%
Greeneyes
50%
H Hailstar
50%
Hawkwing
50%
Hollyleaf
50%
Hopekit
50%
I Icecloud
50%
Icestar
50%
Ivypool
50%
J Jagged peak
50%
Jayfeather
50%
Juniperclaw
50%
Kinkfur
50%
Kinktail
50%
Lavenderkit
50%
Leafstar
50%
Leopardfoot
50%
Leopardstar
50%
Lightning tail
50%
Lionblaze
50%
M Maggottail
50%
Mapleshade
50%
Moon shadow
50%
Morningflower
50%
Mumblefoot
50%
Needleclaw
50%
Needletail
50%
Nightstar(Rc)
50%
Nightstar(Shc)
50%
Oakheart
50%
Pearnose
50%
Poppyfrost
50%
Rainwhisker
50%
Red claw
50%
Redclaw
50%
Reedstar
50%
Rippletail
50%
Riverstar
50%
Rootspring
50%
Runningbrook
50%
Runningwind
50%
Russetfur
50%
Sedgewhisker
50%
Shadowsight
50%
Shrewpaw
50%
Shrewtooth
50%
Skystar
50%
Snaketooth(Rc)
50%
Snaketooth(Shc)
50%
Snowbird
50%
Snowfur
50%
Snowtuft
50%
Sorreltail
50%
Star flower
50%
Stormfur
50%
Sunfish
50%
Tallstar
50%
Tawnypelt
50%
Thistleclaw
50%
Thornclaw
50%
Thriftear
50%
Tigerstar(Avos)
50%
Tigerstar(Tpb)
50%
Tinycloud
50%
Tornear
50%
Vinetail
50%
Whitestorm
50%
Wishkit
50%
Aspenfall
25%
Barkface
25%
Bayshine
25%
Beechpaw(Shc)
25%
Beechpaw(Skc)
25%
Beetleshine
25%
Berryfall
25%
Bigteeth
25%
Billystorm
25%
Birchfeather
25%
Blackbee
25%
Black ear
25%
Bloompetal
25%
Blossomkit
25%
Blue whisker
25%
Bouncefire
25%
Brackenfoot
25%
Braveheart
25%
Breezeheart
25%
Brightflower
25%
Brightsky
25%
Brightwhisker
25%
Brindlestar
25%
Brindlewing
25%
Bristlebark
25%
Bristleclaw
25%
Brookripple
25%
Brownpaw
25%
Brushpaw
25%
Bugeater
25%
Cherryfall
25%
Cherryfeather
25%
Cherrypaw(Sha)
25%
Cherrypaw(Tpb)
25%
Chestnutkit
25%
Chiveclaw
25%
Cinnamontail
25%
Clawface
25%
Cloudberry(Cotc)
25%
Cloudberry(Pc)
25%
Cloudmist
25%
Cloudpelt
25%
Cloudrunner
25%
Cloverfoot
25%
Cloversplash
25%
Clovertail
25%
Conefoot
25%
Conekit
25%
Copperpaw
25%
Creekfeather
25%
Cricketkit
25%
Crouchfoot
25%
Curlfeather
25%
Curlkit
25%
Curlypaw
25%
Cypresspaw
25%
Dangling leaf
25%
Dappletuft
25%
Darkflower
25%
Dawnbright
25%
Dawncloud
25%
Dawn mist
25%
Dawnstripe
25%
Deerdapple
25%
Deerfoot
25%
Deerleap
25%
Deerpaw
25%
Dewkit
25%
Dew nose
25%
Dewnose
25%
Dew petal
25%
Dewspots
25%
Dewspring
25%
Dewstar
25%
Downkit
25%
Driftkit
25%
Duckpaw
25%
Duskpaw
25%
Duskshine
25%
Dusk smoke
25%
Duskwater
25%
Dustflower
25%
Dust muzzle
25%
Duststar
25%
E Eagle feather
25%
Eaglekit
25%
Eaglestorm
25%
Eaglewing
25%
Ebonyclaw
25%
Echomist
25%
Echosnout
25%
Eelkit
25%
Eeltail(Cotc)
25%
Eeltail(Mv)
25%
Emberdawn(Lh)
25%
Emberdawn(Tbc)
25%
Emberfoot
25%
Emberstar(Asc)
25%
Emberstar(Cotc)
25%
F Fallensnow
25%
Fallowkit
25%
Fallowpaw
25%
Fallowsong
25%
Fallowtail
25%
Feather ear
25%
Featherpelt
25%
Featherstar
25%
Fennelstar
25%
Fernsong
25%
Fernstripe
25%
Fernwhisper
25%
Ferretclaw
25%
Finchflight
25%
Finchkit
25%
Finchlight
25%
Finch song
25%
Finchstar
25%
Firbark
25%
Flailfoot
25%
Flaxfoot
25%
Fleetfoot
25%
Flickerkit
25%
Flintfang
25%
Floatshimmer
25%
Floatweed
25%
Flower foot
25%
Flowerstem
25%
Flower stream
25%
Flufftail
25%
Flutterfoot
25%
Flywhisker
25%
Fogdrift
25%
Fognose
25%
Foxclaw
25%
Foxwhisker
25%
Fringewhisker
25%
Frogtail
25%
Frondwhisker
25%
Frostclaw
25%
Goosefeather
25%
Gorseclaw(Rc)
25%
Gorseclaw(Tc)
25%
Gorseclaw(Wc)
25%
Gorsetail(Pot)
25%
Gorsetail(Tnp)
25%
Grassfoot
25%
Grassfur
25%
Grasspelt
25%
Grasswhisker
25%
Graytail
25%
Harewhisker
25%
Harrybrook
25%
Hawkfur
25%
Hawkheart
25%
Hawkstar
25%
Hazelkit
25%
Hazelstar
25%
Hazelwing
25%
Heavystep
25%
Heronkit
25%
Heronwing(Rc)
25%
Heronwing(Tc)
25%
Hollowbelly
25%
Hollykit
25%
Hollypelt
25%
Hollystar
25%
Hollytuft
25%
Honeyfur
25%
Honey pelt
25%
Honeytail
25%
Icewhisker
25%
Jaggedtooth
25%
K Kestrelflight
25%
Kestrelwing
25%
Kitescratch
25%
Kite wing
25%
L Lakeheart
25%
Lakeshine
25%
Larchkit(Mv)
25%
Larchkit(Tnp)
25%
Larksong(Avos)
25%
Larksong(Bp)
25%
Larkwing(Avos)
25%
Larkwing(Fq)
25%
LarkwingMv
25%
Lilyflower
25%
Lilyfur
25%
Lilyheart
25%
Lilystar
25%
Lilywhisker
25%
Lioneye
25%
Lionstar
25%
Littlecloud
25%
Littlekit
25%
Littlestep
25%
Loudbelly
25%
Mallowfur
25%
Mallowtail
25%
Maplestar
25%
Marigoldkit
25%
Marshkit
25%
Midgepelt
25%
Minnowkit(Cotc)
25%
Minnowkit(Crp)
25%
Minnowtail
25%
Mintfur(Rc)
25%
Mintfur(Skc)
25%
Mintkit
25%
Mintpaw
25%
Mistcloud
25%
Mistfeather
25%
Mistpelt
25%
Molewhisker(Rc)
25%
Molewhisker(Tc)
25%
Monkeystar
25%
Moonflower
25%
Moonpaw
25%
Morningstar
25%
Mossheart(Shc)
25%
Mossheart(Tc)
25%
Mosspelt
25%
Moss tail
25%
Mossyfoot
25%
Mothpelt
25%
Muddyclaw
25%
Mudfur
25%
Myrtlebloom
25%
Nightcloud
25%
Nightheart
25%
O Oakfur
25%
Oakkit
25%
Oakstar
25%
Owlstar(Cotc)
25%
Owlstar(Sotc)
25%
Patchfoot
25%
Pebblefur
25%
Pebbleshine
25%
Petalfur
25%
Pineclaw
25%
Pinefur
25%
Pinenose
25%
Poppydawn
25%
Puddleshine
25%
Quick water
25%
Rabbitfur
25%
Rabbitleap(Skc)
25%
Rabbitleap(Tc)
25%
Rabbitstar
25%
Raggedstar
25%
Rainflower
25%
Rainfur(Skc)
25%
Rainfur(Tc)
25%
Rainstorm
25%
Ratscar
25%
Ravenstar
25%
Ravenwing
25%
Redscar
25%
Reedclaw
25%
Reedshine(Cotc)
25%
Reedshine(Mv)
25%
Reed tail
25%
Reedtail
25%
Reedwhisker
25%
Rippleclaw
25%
Ripple shine
25%
Ripplestar
25%
Rowanberry
25%
Rowanclaw
25%
Rowanfur
25%
Rowankit
25%
Rowanstar
25%
Runningnose
25%
S Sagenose
25%
Scorchfur
25%
Sedgestar
25%
Seedpelt(Fq)
25%
Seedpelt(Mv)
25%
Seedpelt(Pc)
25%
Shade pelt
25%
Shadepelt(Avos)
25%
Shadepelt(Tpb)
25%
Sharpclaw
25%
Shellheart
25%
Shrewclaw
25%
Slatefur
25%
Sleekwhisker
25%
Smallear
25%
Smallstar
25%
Smokepaw(Sotc)
25%
Smokepaw(Tnp)
25%
Snakestar
25%
Snowkit
25%
Softpelt
25%
Sootfur
25%
Sparkpelt
25%
Sparrowfeather(Df)
25%
Sparrowfeather(Stc)
25%
Sparrowpelt
25%
Sparrowstar
25%
Sparrowtail
25%
Speckletail
25%
Spiderleg
25%
Spiderstar
25%
Spiresight
25%
Spotfur
25%
Spotnose
25%
Spottedpelt
25%
Squirrelfur
25%
Squirrelwhisker
25%
Starlingpaw
25%
Stoneclaw
25%
Stonepelt
25%
Stonestar
25%
Sunbeam
25%
Sunpelt(Lc)
25%
Sunpelt(Skc)
25%
Sun shadow
25%
Swallowflight
25%
Swallowtail(Rc)
25%
Swallowtail(Wc)
25%
Swiftbreeze
25%
Swiftfoot
25%
Swiftstar(Lc)
25%
Swiftstar(Wc)
25%
T Tallpoppy
25%
Tansypaw
25%
Tawnyspots
25%
Thrushwing
25%
Tumblekit
25%
Tumbletail
25%
V Vinestar
25%
Violet dawn
25%
Vixenleap
25%
Voleclaw
25%
Volestar
25%
Voletooth
25%
Whitebreeze
25%
Whiteclaw
25%
Whitestar(Cotc)
25%
Whitestar(Sf)
25%
Whorlpelt
25%
Wildkit
25%
Willowclaw
25%
Willowkit
25%
Willownose
25%
Willowstar
25%
Willow tail
25%
Yarrowleaf
25%
Yellowstar
25%
Yew tail
25%
Firefern
0%
Flashnose
0%
Flytail
0%
Foxnose
0%
Frostdawn
0%
Furzepelt
0%
Fuzzypelt
0%
G Galekit
0%
Galesweep
0%
Goldenflower
0%
Goldenleaf
0%
Goldenpaw
0%
Goldenstar
0%
Gooseberry
0%
Gorsefoot
0%
Gravelnose
0%
Graymist
0%
Graysky
0%
Graywhisker
0%
Greenflower
0%
Gullswoop
0%
Gustwhisker
0%
Halftail
0%
Hareflight(Fq)
0%
Hareflight(Tr)
0%
Harelight
0%
Harepaw
0%
Harepounce
0%
Harveymoon
0%
Hatchkit
0%
Havenpelt
0%
Hawkfoot
0%
Hawksnow
0%
Hayberry
0%
Hazel burrow
0%
Hazelfrond
0%
Hickorynose
0%
Hillkit
0%
Hollowflight
0%
Hollowspring
0%
Hollyflower
0%
Honeyfern
0%
Honeyleaf
0%
Hootwhisker
0%
Hopwhisker
0%
Houndleap
0%
Houndstar
0%
Huntheart
0%
Icefoot
0%
Ivystar
0%
Ivytail(Rc)
0%
Ivytail(Shc)
0%
Jayclaw
0%
Jumpfoot
0%
Juniper branch
0%
Juniperkit
0%
Lakestorm
0%
Larksplash
0%
Leafcurl
0%
Leafshade
0%
Leafshine
0%
Leafstorm
0%
Leaftail
0%
Leapkit
0%
Lichenfur
0%
Lightningkit
0%
Lightningpaw
0%
Lightningpelt
0%
Lightning stripe
0%
Lilystem
0%
Littlebird
0%
Lizardfang
0%
Lizardstripe
0%
Lizardtail
0%
Logfur
0%
Lowbranch
0%
Lynxkit
0%
Maplewhisker
0%
Marshcloud
0%
Marshpaw
0%
Marshscar
0%
Meadowpelt
0%
Meadowslip
0%
Milkfur(Mv)
0%
Milkfur(Wc)
0%
Milkfur(Ys)
0%
Mistkit
0%
Mistlekit(Skc)
0%
Mistlekit(Tc)
0%
Mistmouse
0%
Mistpool
0%
Molepaw
0%
Molepelt
0%
Morningcloud
0%
Morning fire
0%
Morningkit(Rc)
0%
Morningkit(Tc)
0%
Morningmist
0%
Mossfire
0%
Mosskit
0%
Mossleaf
0%
Mosspaw
0%
Mothwhisker
0%
Mottlepaw
0%
Mouse ear
0%
Mousefang
0%
Mousewing
0%
Mud paws
0%
Mudpuddle
0%
Mudsplash
0%
Mudthorn
0%
N Nectarsong
0%
Nettlebreeze
0%
Nettleclaw
0%
Nettlepad
0%
Nettlepaw
0%
Nettlesplash
0%
Nettlespot
0%
Nettlesting
0%
Newtspeck
0%
Nightfur
0%
Nightkit
0%
Nightmask
0%
Nightsky
0%
Nightwhisper
0%
Nightwing
0%
Nutwhisker
0%
Oakleaf
0%
Oakstep
0%
Oatclaw
0%
Oatpaw
0%
Oatspeckle
0%
Oatwhisker(Tc)
0%
Oatwhisker(Wc)
0%
Oddfoot
0%
Olivenose
0%
Otterheart
0%
Ottersplash
0%
Owlclaw
0%
Owlflight
0%
Owlfur
0%
Owlnose
0%
Owlpaw
0%
Owl song
0%
Owlwhisker
0%
P Palebird
0%
Palefoot
0%
Palepaw
0%
Palesky
0%
Parsleyseed
0%
Patchkit
0%
Peaktail
0%
Pebblefoot
0%
Pebble heart
0%
Pebblenose
0%
Perchkit
0%
Perchpaw
0%
Perchwing
0%
Petaldust
0%
Petalfall
0%
Petalkit(Lc)
0%
Petalkit(Mv)
0%
Petalnose
0%
Petalstep
0%
Pigeonflight
0%
Pigeonfoot
0%
Pigeonpaw
0%
Pikepaw(Botc)
0%
Pikepaw(Mo)
0%
Piketooth
0%
Pinebrush
0%
Pine needle
0%
Pink eyes
0%
Plumclaw
0%
Plumstone
0%
Plumwillow
0%
Podlight
0%
Poolcloud
0%
Poolpaw
0%
Poppycloud
0%
Pouncestep
0%
Pouncetail(Rc)
0%
Pouncetail(Shc)
0%
Prickleface
0%
Pricklekit(Rc)
0%
Pricklekit(Wc)
0%
Pricklenose
0%
Primrosepaw
0%
Puffkit
0%
Q Quailfeather(Cotc)
0%
Quailfeather(Tbc)
0%
Quailheart
0%
Quailkit
0%
Quailpaw
0%
Quickpaw(Shc)
0%
Quickpaw(Wc)
0%
Quietkit
0%
R Rabbitear
0%
Rabbittail
0%
Raincloud
0%
Rainfall
0%
Rainkit
0%
Rainleap
0%
Rainsplash
0%
Rapidsplash
0%
Ravencry
0%
Redcloud
0%
Redthistle
0%
Redwillow
0%
Reedfeather
0%
Ridgeglow
0%
Rileypool
0%
Ripplegrass
0%
Robinkit
0%
Robinpaw
0%
Robinstar
0%
Robinwing(Rc)
0%
Robinwing(Skc)
0%
Robinwing(Tc)
0%
Robinwing(Wc)
0%
Rockfall
0%
Rockshade
0%
Rooktail
0%
Rosebush
0%
Rosepetal
0%
Roughpelt
0%
Rubblekit
0%
Rubblepaw
0%
Runningstorm
0%
Rushpaw
0%
Rushtail(Rc)
0%
Rushtail(Wc)
0%
Rushtooth
0%
Russetkit
0%
Rustlekit
0%
Ryestalk
0%
Ryewhisker
0%
Sandgorse
0%
Sandynose
0%
Scorchwind
0%
Sedgecreek
0%
Seedpaw
0%
Shadestar
0%
Shattered ice
0%
Sheeptail
0%
Shell claw
0%
Shellfur
0%
Shimmerpelt(Brs)
0%
Shimmerpelt(Crp)
0%
Shineflower
0%
Shinepaw
0%
Shiningheart
0%
Shivering rose
0%
Shredtail
0%
Shrewfoot
0%
Shyfrost
0%
Shyheart
0%
Shykit
0%
Silkypod
0%
Silverflame
0%
Silverhawk
0%
Silvermask
0%
Silverpaw(Botc)
0%
Silverpaw(Tpb)
0%
Silver stripe
0%
Skyheart
0%
Skywatcher
0%
Slatepelt
0%
Sleek fur
0%
Slightfoot
0%
Sloefur(Rc)
0%
Sloefur(Shc)
0%
Smokefoot
0%
Smokehaze
0%
Smoketalon
0%
Snailpaw
0%
Snail shell
0%
Snaketail(Fq)
0%
Snaketail(Pot)
0%
Snaptooth
0%
Sneezecloud
0%
Snipkit
0%
Snookthorn
0%
Snowbush
0%
Snowstar
0%
Snow tail
0%
Softwing
0%
Songbird
0%
Songkit
0%
Songleap
0%
Sorrelshine
0%
Sorrelstripe
0%
Specklepaw
0%
Spiderfoot
0%
Spider paw
0%
Spiderpelt
0%
Spikefur
0%
Spiketail
0%
Spireclaw
0%
Splashfoot
0%
Splashheart
0%
Splashkit
0%
Splashnose
0%
Splashpaw
0%
Splashtail
0%
Spotted fur
0%
Spottedpaw
0%
Sprucetip
0%
Squirrelbrush
0%
Stagleap(Tc)
0%
Stagleap(Wc)
0%
Starlingfeather
0%
Starlingwing
0%
Stemleaf
0%
Stemtail
0%
Stoatfur(Shc)
0%
Stoatfur(Skc)
0%
Stoneflower
0%
Stonestream
0%
Stonetooth
0%
Stonewing
0%
Storkkit
0%
Stormcloud
0%
Stormheart
0%
Storm pelt
0%
Stormtail
0%
Streamripple
0%
Stretchkit
0%
Strikestone
0%
Stripebark
0%
Stripeheart
0%
Stumpytail
0%
Sunkit
0%
Sunnypelt
0%
Sunnytail
0%
Sunspots
0%
Sunstrike
0%
Swampkit
0%
Swankit
0%
Sweetbriar
0%
Sweetpaw
0%
Swiftflight
0%
Swift minnow
0%
Swiftwing
0%
Talonpaw
0%
Talonstar
0%
Tangleburr
0%
Tanglepaw
0%
Tanglewhisker
0%
Tawnyfur
0%
Thistleheart
0%
Thistlepaw(Cotc)
0%
Thistlepaw(Tnp)
0%
Thistletail
0%
Thorntooth
0%
Thornwhisker
0%
Thrushcall
0%
Thrushtalon
0%
Timberfur
0%
Tiny branch
0%
Tinyclaw
0%
Toadfoot
0%
Toadskip
0%
Toadstep
0%
Troutclaw
0%
Trout fur
0%
Troutshine
0%
Troutstar
0%
Troutstream
0%
Tulipkit
0%
Turtlecrawl
0%
Turtlekit
0%
Turtlesnap
0%
Turtle tail
0%
Twigtail
0%
Vinekit
0%
Volewhisper
0%
W Wafflepelt
0%
Wanderkit
0%
Wasppaw
0%
Wasptail
0%
Waspwhisker
0%
Wavepaw
0%
Weaselfur
0%
Weaselkit
0%
Weaselwhisker
0%
Webfoot
0%
Webkit
0%
Weedwhisker
0%
Wetfoot
0%
Whisperbreeze
0%
Whistlebreeze
0%
Whiteberry
0%
Whitefang
0%
White tail
0%
Whitetail(Stc)
0%
Whitetail(Wc)
0%
Whitethroat
0%
Whitewater
0%
Wildfur
0%
Willow stream
0%
Windflight
0%
Windkit
0%
Wolfheart
0%
Wolfstep
0%
Woodkit
0%
Woodsong
0%
Woollytail
0%
Wrenflight(Skc)
0%
Wrenflight(Wc)
0%
Y Yarrowflight
0%
No matching quizzes found
Score Distribution
Percent of People with Each Score
Percentile by Number Answered
Your Score History
You have not taken this quiz since the last reset